Historia de Salitre y Mar: Iquique y la Pampa

Saved in:
Bibliografiske detaljer
Hovedforfatter: Vásquez Trigo, Juan (Author)
Format: Bog
Sprog:spansk
Udgivet: Santiago Aríbalo 2005
Udgivelse:3a. ed
Fag:
Tags: Tilføj Tag
Ingen Tags, Vær først til at tagge denne postø!

MARC

LEADER 00000nam a2200000 a 4500
001 UCH3018
003 CL-VaPUC
008 090709e20050700CL |||||||||||||||||spa|d
082 0 4 |a 553.64  |b VAS  |2 21 
100 0 |a Vásquez Trigo, Juan  |e author  |9 538141 
245 1 0 |a Historia de Salitre y Mar: Iquique y la Pampa 
250 |a 3a. ed 
300 |a 58 p 
942 |c BK 
945 |d 20090709 00:00:00  |a dcastane 
260 |a Santiago  |b Aríbalo  |c 2005 
650 7 |a SALITRE DE CHILE-HISTORIA  |2 CL-VaPUC  |9 311914 
650 0 |a Oficinas salitreras  |9 517885 
650 0 |a Ciudades  |9 265474 
651 7 |a CHILE  |2 CL-VaPUC  |9 538142 
651 7 |a IQUIQUE  |2 CL-VaPUC  |9 357757 
583 |a last modification  |c 20090709 00:00:00  |k Rodrigo Vera 
999 |c 334675  |d 334673 
952 |0 0  |1 0  |4 0  |6 553_640000000000000_VAS_2005  |7 0  |8 X  |9 423806  |a FDOBUD  |b FDOBUD  |d 2019-11-22  |i 4567536  |o 553.64 VAS 2005  |p 4567536  |r 2019-11-22  |w 2019-11-22  |y BK_X  |k BUD